|
|
|
|
| LEADER |
00000cam a2200000 c 4500 |
| 001 |
1606618571 |
| 003 |
DE-627 |
| 005 |
20251225192759.0 |
| 007 |
tu |
| 008 |
131219s2013 gw ||||| 00| ||ger c |
| 015 |
|
|
|a 13,N43
|2 dnb
|
| 015 |
|
|
|a 13,A46
|2 dnb
|
| 016 |
7 |
|
|a 104312196X
|2 DE-101
|
| 020 |
|
|
|a 9783936118995
|c kart. : EUR 6.00 (DE), EUR 6.20 (AT), sfr 9.50 (freier Pr.)
|9 978-3-936118-99-5
|
| 024 |
3 |
|
|a 9783936118995
|
| 035 |
|
|
|a (DE-627)1606618571
|
| 035 |
|
|
|a (DE-576)399209816
|
| 035 |
|
|
|a (DE-599)DNB104312196X
|
| 035 |
|
|
|a (OCoLC)862221793
|
| 040 |
|
|
|a DE-627
|b ger
|c DE-627
|e rakwb
|
| 041 |
|
|
|a ger
|
| 044 |
|
|
|c XA-DE-RP
|
| 082 |
0 |
|
|a 274.3435206
|
| 082 |
0 |
4 |
|a 230
|a 943
|
| 084 |
|
|
|a 1
|2 ssgn
|
| 084 |
|
|
|a BP 2100
|q DE-24/20sred
|2 rvk
|0 (DE-625)rvk/14945:
|
| 090 |
|
|
|a a
|
| 245 |
0 |
0 |
|a "Dulden oder Verstehen
|b Dokumentation zu den Wormser Religionsgesprächen vom 19. bis 21. April 2013 in Worms
|c Wormser Religionsgespräche 2013. [Volker Gallé (Hrsg.)]. Veranst. von der Stadt Worms und der Evangelischen Kirche in Hessen und Nassau im Themenjahr "Reformation und Toleranz" der Lutherdekade
|
| 246 |
3 |
3 |
|a Wormser Religionsgespräche 2013
|
| 250 |
|
|
|a 1. Aufl.
|
| 264 |
|
1 |
|a [Worms]
|b Worms-Verl.
|c 2013
|
| 300 |
|
|
|a 143 S.
|b Ill.
|c 21 cm
|
| 336 |
|
|
|a Text
|b txt
|2 rdacontent
|
| 337 |
|
|
|a ohne Hilfsmittel zu benutzen
|b n
|2 rdamedia
|
| 338 |
|
|
|a Band
|b nc
|2 rdacarrier
|
| 601 |
|
|
|a Verstehen
|
| 601 |
|
|
|a Dokumentation
|
| 601 |
|
|
|a Religionsgespräch
|
| 655 |
|
7 |
|a Konferenzschrift
|y 2013
|z Worms
|0 (DE-588)1071861417
|0 (DE-627)826484824
|0 (DE-576)433375485
|2 gnd-content
|
| 689 |
0 |
0 |
|d f
|0 (DE-588)3055435-4
|0 (DE-627)711733570
|0 (DE-576)199454965
|2 gnd
|a Wormser Religionsgespräch
|d 1540 - 1541
|c Worms
|
| 689 |
0 |
1 |
|d f
|0 (DE-588)2104156-8
|0 (DE-627)101021690
|0 (DE-576)193262851
|2 gnd
|a Wormser Religionsgespräch
|d 1557
|c Worms
|
| 689 |
0 |
|
|5 DE-101
|
| 689 |
1 |
0 |
|d s
|0 (DE-588)4048946-2
|0 (DE-627)104364165
|0 (DE-576)209079851
|2 gnd
|a Reformation
|
| 689 |
1 |
1 |
|d s
|0 (DE-588)4121582-5
|0 (DE-627)104279605
|0 (DE-576)209544414
|2 gnd
|a Religiöse Toleranz
|
| 689 |
1 |
|
|5 DE-101
|
| 700 |
1 |
|
|0 (DE-588)124252478
|0 (DE-627)085738530
|0 (DE-576)169368165
|4 oth
|a Gallé, Volker
|d 1955-
|
| 710 |
2 |
|
|0 (DE-588)4066942-7
|0 (DE-627)106111221
|0 (DE-576)209167378
|4 oth
|a Worms
|
| 711 |
2 |
|
|0 (DE-588)1037190653
|0 (DE-627)752413635
|0 (DE-576)391203134
|4 oth
|a Wormser Religionsgespräche
|n 1.
|d 2013
|c Worms
|
| 856 |
4 |
2 |
|u http://d-nb.info/104312196X/04
|m B:DE-101
|q application/pdf
|3 Inhaltsverzeichnis
|7 1
|
| 935 |
|
|
|i sf
|
| 936 |
r |
v |
|a BP 2100
|b Einzeluntersuchungen
|k Theologie und Religionswissenschaften
|k Evangelische Kirchengeschichte
|k Evangelische Kirchengeschichte Deutschlands
|k Reformation, katholische Reform und Gegenreformation
|k Allgemeines
|k Einzeluntersuchungen
|0 (DE-627)1272616088
|0 (DE-625)rvk/14945:
|0 (DE-576)202616088
|
| 951 |
|
|
|a BO
|
| ACO |
|
|
|a 1
|
| ELC |
|
|
|b 1
|
| ITA |
|
|
|a 1
|
| LOK |
|
|
|0 000 xxxxxcx a22 zn 4500
|
| LOK |
|
|
|0 001 3121968203
|
| LOK |
|
|
|0 003 DE-627
|
| LOK |
|
|
|0 004 1606618571
|
| LOK |
|
|
|0 005 20141027104405
|
| LOK |
|
|
|0 008 141027||||||||||||||||ger|||||||
|
| LOK |
|
|
|0 040
|a DE-21-31
|c DE-627
|d DE-21-31
|
| LOK |
|
|
|0 541
|e 13/1391
|
| LOK |
|
|
|0 852
|a DE-21-31
|
| LOK |
|
|
|0 852 1
|c El IX 71
|m p
|9 00
|
| LOK |
|
|
|0 938
|a 1410
|f E5
|
| LOK |
|
|
|0 938
|k p
|
| LOK |
|
|
|0 939
|a 27-10-14
|b l01
|
| ORI |
|
|
|a SA-MARC-ixtheoa001.raw
|
| REL |
|
|
|a 1
|
| SPR |
|
|
|a 1
|t IXT
|
| STA |
0 |
0 |
|a Reformation,Reformation,Reformation in art,Religious tolerance,Religious tolerance
|
| STB |
0 |
0 |
|a Réforme protestante,Réforme protestante,Tolérance religieuse,Tolérance religieuse
|
| STC |
0 |
0 |
|a Reforma,Reforma,Tolerancia religiosa,Tolerancia religiosa
|
| STD |
0 |
0 |
|a Riforma protestante,Riforma protestante,Tolleranza religiosa,Tolleranza religiosa
|
| STE |
0 |
0 |
|a 宗教改革,宗教改革
|
| STF |
0 |
0 |
|a 宗教改革,宗教改革
|
| STG |
0 |
0 |
|a Reforma,Reforma,Tolerância religiosa,Tolerância religiosa
|
| STH |
0 |
0 |
|a Религиозная толерантность (мотив),Религиозная толерантность,Реформация (мотив),Реформация
|
| STI |
0 |
0 |
|a Θρησκευτική ανοχή (μοτίβο),Θρησκευτική ανοχή,Προτεσταντική μεταρρύθμιση (μοτίβο),Προτεσταντική μεταρρύθμιση
|
| SUB |
|
|
|a REL
|
| SYG |
0 |
0 |
|a Religionsgespräch,1540 - 1541,Worms , Religionsgespräch,1557,Worms , Réforme (histoire religieuse),Reformation
|
| TIM |
|
|
|a 100020130101_100020131231
|b 2013 - 2013
|